000
00250nam a2200097Ia 4500
008
230915s9999 xx 000 0 und d
050
_a
QD75.22.S685.C.1
100
_a
A.K.SRIVASTAVA
245
0
_a
INSTRUMENTAL APPROACH TO CHEMICAL ANALYSIS
942
_c
BK
999
_c
62856
_d
62856